[Event "WYCC 2018 O14"]
[Site "Halkidiki"]
[Date "2018.10.29"]
[Round "10"]
[White "Cardoso Cardoso, Jose Gabriel"]
[Black "Tsoi, Dmitry"]
[Result "1/2-1/2"]
[WhiteElo "2313"]
[BlackElo "2429"]
[Annotator "TA"]
[PlyCount "52"]
[EventDate "2018.10.20"]
[EventType "swiss"]
[EventCountry "GRE"]
[SourceTitle "playchess.com"]
[Source "ChessBase"]
[SourceQuality "1"]

{[%evp 18,52,26,14,47,0,6,14,41,29,45,16,15,28,23,16,11,20,38,35,35,26,29,0,0,0,0,0,0,0,0,0,0,0,0,0,0]} 1. c4 e5 2. Nc3 Nf6 3. Nf3 Nc6 4. e3 Be7 5. d4 exd4 6. exd4 {A28: English Opening: Four Knights Variation} d5 7. Be2 (7. cxd5 Nxd5 8. Bd3 O-O 9. O-O Bg4 10. Be4 Nf6 11. Bxc6 bxc6 12. h3 Bxf3 13. Qxf3 Qxd4 14. Qxc6 Bd6 15. Rd1 Qe5 16. g3 Qf5 17. Kg2 Rab8 18. Qf3 Qxf3+ 19. Kxf3 Be5 20. Rd3 {½-½ (20) Ding,L (2777)-Harikrishna,P (2744) Riadh 2017}) 7... O-O 8. O-O Be6 9. b3 Ne4 10. Bb2 {LiveBook: 3 Games} Bf6 11. Rc1 Nxc3 12. Bxc3 Bg4 $146 ({Predecessor:} 12... Re8 13. c5 {0-1 (46) Renner,C (2385)-Prusikin,M (2532) Augsburg 2013}) 13. h3 Bh5 14. Ne5 Bxe2 15. Qxe2 Bxe5 16. dxe5 d4 17. Rcd1 Qh4 18. Bb2 Rad8 19. f4 Rfe8 20. Qf2 Qxf2+ {The position is equal.} 21. Rxf2 f6 22. Rfd2 fxe5 23. fxe5 Rxe5 24. Bxd4 Nxd4 25. Rxd4 Rxd4 26. Rxd4 Kf7 {Precision: White = 35%, Black = 64%.} 1/2-1/2

[Event "WYCC 2018 O14"]
[Site "Halkidiki"]
[Date "2018.10.29"]
[Round "10"]
[White "Krastev, Alexander"]
[Black "Kushagra Mohan"]
[Result "1-0"]
[WhiteElo "2298"]
[BlackElo "2283"]
[Annotator "NA"]
[PlyCount "65"]
[EventDate "2018.10.20"]
[EventType "swiss"]
[EventCountry "GRE"]
[SourceTitle "playchess.com"]
[Source "ChessBase"]
[SourceQuality "1"]
[TimeControl "40/5400+30:1800+30"]

1. d4 {[%emt 0:00:00]} Nf6 {[%emt 0:00:00]} 2. c4 {[%emt 0:00:00]} g6 {[%emt 0:00:00]} 3. Nc3 {[%emt 0:00:00]} Bg7 {[%emt 0:00:00]} 4. e4 {[%emt 0:00:00]} d6 {[%emt 0:00:00]} 5. Nf3 {[%emt 0:00:00]} O-O {[%emt 0:00:00]} 6. Be2 {[%emt 0:00:00]} Bg4 {[%emt 0:01:01]} 7. O-O {[%emt 0:00:32]} Nfd7 {[%emt 0:00:18]} 8. Be3 {[%emt 0:04:43]} Nc6 {[%emt 0:00:52]} 9. d5 {[%emt 0:12:25]} Bxf3 {[%emt 0:00:38]} 10. gxf3 {[%emt 0:06:56] LiveBook: 10 Games} Na5 {[%emt 0:01:58]} 11. Rc1 {[%emt 0:00:33]} c5 {[%emt 0:02:24] E91: King's Indian: Classical: 6 Be2, unusual replies including 6...c5 and 6...Bg4} 12. f4 $146 {[%emt 0:09:07]} ({Predecessor:} 12. Kh1 f5 13. f4 Nf6 14. exf5 gxf5 15. Rg1 Kh8 16. Bd3 Qd7 17. Qf3 e6 18. Qh3 exd5 19. Bxf5 Qf7 20. Nxd5 h6 21. Rxg7 Qxg7 22. Rg1 Nxc4 23. Rxg7 Kxg7 24. Qg2+ Kh8 25. Qg6 {1-0 (25) Grischuk,A (2760)-Barthel,A (2230) Mainz 2010}) 12... a6 {[%emt 0:07:47]} 13. a3 {[%emt 0:08:29]} (13. b3 $16) 13... b6 {[%emt 0:05:14]} 14. Kh1 {[%emt 0:03:12]} f5 {[%emt 0:13:11]} 15. f3 {[%emt 0:00:49]} Rc8 {[%emt 0:07:02]} 16. Bd3 $16 {[%emt 0:04:54]} Qe8 {[%emt 0:05:41]} 17. Qc2 {[%emt 0:08:54]} e6 {[%emt 0:14:47]} 18. Rce1 {[%emt 0:05:32]} exd5 {[%emt 0:04:54]} 19. Nxd5 {[%emt 0:01:28]} fxe4 {[%emt 0:01:10]} 20. fxe4 {[%emt 0:00:25]} Nc6 {[%emt 0:02:07]} 21. Qg2 {[%emt 0:05:29]} Kh8 {[%emt 0:01:13]} 22. Rf3 {[%emt 0:02:17]} b5 {[%emt 0:04:58]} 23. Rh3 {[%emt 0:01:29]} Qe6 {[%emt 0:03:29]} 24. f5 {[%emt 0:03:52]} gxf5 {[%emt 0:02:30]} 25. exf5 {[%emt 0:00:23]} Rxf5 {[%emt 0:03:53]} 26. Rxh7+ {[%emt 0:01:55]} Kxh7 {[%emt 0:01:26]} 27. Qh3+ {[%emt 0:00:07]} Kg8 {[%emt 0:00:35]} 28. Bxf5 {[%emt 0:00:06]} Qe5 {[%emt 0:01:00]} 29. Bxd7 {[%emt 0:01:06]} Qe4+ {[%emt 0:00:37]} 30. Qg2 {[%emt 0:00:07]} Qxg2+ {[%emt 0:00:49]} 31. Kxg2 {[%emt 0:00:05]} Rb8 {[%emt 0:00:05]} 32. Bxc6 {[%emt 0:00:46]} bxc4 {[%emt 0:00:02]} 33. Rb1 {[%emt 0:02:35]} 1-0

[Event "WYCC 2018 O14"]
[Site "Halkidiki"]
[Date "2018.10.29"]
[Round "10"]
[White "Trifan, Andrei Ioan"]
[Black "Gharibyan, Mamikon"]
[Result "0-1"]
[WhiteElo "2290"]
[BlackElo "2314"]
[Annotator "TA"]
[PlyCount "132"]
[EventDate "2018.10.20"]
[EventType "swiss"]
[EventCountry "GRE"]
[SourceTitle "playchess.com"]
[Source "ChessBase"]
[SourceQuality "1"]

{[%evp 22,132,0,0,24,35,36,0,18,15,83,82,77,79,77,68,106,55,73,26,60,51,112,49,51,31,70,67,64,13,10,-24,-19,-47,-47,-58,-43,-201,-117,-117,-121,-122,-117,-117,-118,-119,-118,-119,-117,-125,-68,-72,-68,-158,-63,-68,-66,-263,-263,-263,-279,-244,-198,-198,-189,-183,-189,-180,-186,-181,-145,-401,-370,-370,-317,-317,-317,-317,-316,-309,-309,-309,-309,-302,-288,-581,-581,-643,-581,-581,-581,-581,-581,-575,-495,-575,-433,-433,-433,-591,-572,-536,-536,-506,-403,-752,-693,-722,-678,-858,-832,-1241,-1036]} 1. e4 e5 2. Nf3 Nc6 3. Bc4 Bc5 4. c3 Nf6 5. d3 d6 6. O-O O-O 7. h3 h6 8. Nbd2 a5 {C54: Giuoco Piano: 4 c3 Nf6, main lines with 5 d4 and 5 d3} 9. Re1 Be6 10. Bb5 Qb8 11. Nf1 Qa7 12. Re2 {LiveBook: 7 Games} Rad8 $146 ({Predecessor:} 12... a4 13. Ng3 Qa5 14. Bxc6 bxc6 15. Nh4 Rfe8 16. Re1 {½-½ (28) Mamedyarov,S (2808)-Karjakin,S (2782) Stavanger 2018}) 13. Ng3 Ne7 14. d4 Bb6 $1 15. Be3 Ng6 (15... d5 $11 {remains equal.}) 16. Qc1 $16 Kh7 17. Nf5 {[%cal Re3h6]} Ng8 18. Bd3 f6 19. g4 (19. Qd2 $16) 19... N6e7 20. Qc2 Qb8 21. Nd2 g6 {[#]} (21... Kh8 $14) 22. Nxe7 ({White should play} 22. Ng3 $1 $16) 22... Nxe7 $14 23. Nc4 Ba7 24. Nxa5 g5 25. d5 (25. Ree1 $14) 25... Bd7 $11 26. c4 Ng6 27. b4 h5 28. f3 ({But not} 28. gxh5 Nf4 $14) 28... Nf4 29. Kh2 $2 {[#]} (29. c5 $1 $15) 29... Nxe2 (29... hxg4 $1 $19 30. fxg4 Nxe2 31. Qxe2 Bxe3 32. Qxe3 Rh8) 30. Qxe2 $17 Bxe3 31. Qxe3 b6 32. Nb3 Kg7 33. Kg2 Rh8 34. Nd2 Rh6 {Hoping for ...hxg4.} 35. Bf1 Qa7 (35... Qb7 $17 36. a3 c5) 36. a4 $1 $15 Ra8 ({Reject} 36... Bxa4 $6 37. Nb1 $14) 37. a5 (37. Nb1 $1 $15) 37... bxa5 ({Better is} 37... hxg4 $17 38. fxg4 bxa5 39. Qxa7 Rxa7 40. bxa5 c5 41. dxc6 Bxc6) 38. Qxa7 Rxa7 39. Rxa5 $2 (39. c5 $15) 39... Rxa5 $19 40. bxa5 $17 {[%mdl 4096] Endgame KRB-KBN} Rh8 41. c5 Ra8 ({Not} 41... dxc5 42. Nb3 $15) 42. cxd6 Rxa5 43. Nc4 Ra2+ 44. Kg1 cxd6 45. Nxd6 h4 46. Nb7 $2 {[%mdl 8192]} (46. Bb5 $17 Bxb5 47. Nxb5) 46... Kf8 $19 47. Bc4 Rc2 48. Bd3 Rc3 49. Be2 Ke7 50. Kf2 Bc8 51. Na5 Kd6 52. Nc6 Bd7 53. Nd8 $2 (53. Nb4 {was the only defense.}) 53... Rb3 54. Bc4 Rb4 55. Nf7+ Ke7 56. d6+ Kf8 57. Bd5 Rb6 58. Ke3 Be8 59. Nd8 {intending Ne6+.} Rxd6 60. Nb7 Ra6 61. Nc5 Ra3+ 62. Kf2 Ke7 63. Nb3 (63. Ne6 $142) 63... Kd6 {Black is clearly winning.} 64. Ke2 Bb5+ 65. Kf2 Ra2+ 66. Ke1 Rh2 {Precision: White = 35%, Black = 62%.} 0-1

[Event "WYCC 2018 O14"]
[Site "Halkidiki"]
[Date "2018.10.29"]
[Round "10"]
[White "Gines Esteo, Pedro Antonio"]
[Black "Raja Rithvik R"]
[Result "0-1"]
[WhiteElo "2288"]
[BlackElo "2421"]
[Annotator "TA"]
[PlyCount "190"]
[EventDate "2018.10.20"]
[EventType "swiss"]
[EventCountry "GRE"]
[SourceTitle "playchess.com"]
[Source "ChessBase"]
[SourceQuality "1"]

{[%evp 14,190,20,16,15,20,32,26,61,57,58,0,0,2,14,0,-1,-37,-39,-29,-33,-32,-32,-87,-87,-93,-98,-93,-101,-95,-95,-87,-85,-79,-62,-59,-43,-46,-58,-55,-43,-72,-56,-89,-44,-46,-54,-46,-51,-47,-47,-47,-53,-55,-55,-55,-55,-55,-55,-63,-42,-51,-50,-56,-58,-79,-72,-74,-47,-50,-42,-50,-27,-27,-27,-37,-28,-57,-54,-56,-56,-56,-54,-56,-56,-56,-58,-75,-54,-73,-74,-77,-50,-82,0,-80,-50,-56,-50,-50,-52,-95,-98,-97,-97,-94,-91,-98,-72,-91,-91,-105,-106,-106,-104,-103,-83,-332,-334,-202,-57,-496,-481,-484,-458,-503,-503,-509,-470,-692,-692,-612,-391,-354,-336,-430,-397,-522,-522,-522,-522,-510,-485,-466,-368,-485,-368,-429,-368,-446,-446,-509,-368,-709,-375,-363,-356,-458,-368,-368,-368,-362,-341,-503,-479,-2007,-2007,-1931,-1843,-4614,-2573,-29987,-29988,-29989,-29990,-29991,-29992,-29992,-29993]} 1. d4 Nf6 2. Nf3 d5 3. c4 e6 4. g3 dxc4 5. Bg2 Nc6 6. O-O Rb8 7. e3 Be7 {E04: Katalanisch} 8. Nfd2 {LiveBook: 6 Partien} (8. Qe2 b5 9. b3 cxb3 10. axb3 O-O 11. Bd2 Bb7 12. Rc1 a6 13. Ne1 Nd5 14. Nd3 Qd7 15. Nc3 {1-0 (24) So,W (2780)-Wei,Y (2729) chess.com INT 2018}) 8... e5 9. Bxc6+ bxc6 {Die Stellung ist ausgeglichen.} 10. dxe5 Ng4 11. Nxc4 Be6 12. Qxd8+ (12. Nbd2 $1 $14) 12... Rxd8 $11 13. Nbd2 Bb4 14. e4 {[#]} O-O $146 {[%mdl 2048] Schwarz hat Druck.} ({Vorgänger:} 14... Bxd2 15. Nxd2 Nxe5 16. f4 Nd3 17. f5 Nxc1 18. Raxc1 Bxf5 19. exf5 Rxd2 20. Rxc6 Kd7 21. Rfc1 {½-½ (21) Van der Stricht,G (2424)-Hausrath,D (2507) Belgium 2008}) 15. h3 Bxd2 $1 16. Nxd2 Nxe5 17. Kg2 f5 18. Nb3 ({Besser ist} 18. Nf3 $15 Nxf3 19. Kxf3) 18... Bc4 $17 19. Rg1 fxe4 20. Be3 Nd3 21. Rgd1 Bd5 22. Rd2 Rb8 23. Kg1 a5 24. Nxa5 Rb5 25. Nb3 $1 Ra8 26. Nd4 Rxb2 27. a4 Rb6 28. f3 Rba6 29. Rad1 Ne5 30. fxe4 Bxe4 {Und weiter mit ...c5 wäre nett.} 31. Bf4 Ng6 32. Bxc7 Rxa4 33. Ne6 Bd5 34. Nf4 Nxf4 35. Bxf4 h6 36. h4 Rf8 37. Rd4 Ra7 38. Rb1 Kh7 {Und ...Ta2 würde nun gewinnen.} 39. Rdb4 Rff7 40. Bb8 Ra3 41. Rb7 Raf3 42. Bf4 Rxb7 43. Rxb7 $15 {[%mdl 4096] Endspiel KTL-KTL} Kg6 44. Rc7 Kf6 {Droht ...g5 und aus.} 45. Rc8 g5 46. hxg5+ hxg5 47. Bc7 Kg6 48. Bd6 Rf6 49. Bc5 Kh5 50. Rf8 Re6 51. Kf2 Kg4 52. Ba7 Re7 53. Bb8 Re6 54. Ba7 Re4 55. Rc8 Ra4 56. Bb8 Ra8 57. Rf8 c5 58. Bd6 Ra2+ 59. Ke3 c4 60. Rc8 Rb2 61. Rc5 Rb3+ 62. Kf2 Rf3+ 63. Ke2 Rd3 {...Lf3+ ist eine echte Drohung.} 64. Kf2 Kf5 65. Be7 $2 {[#]} (65. Ra5 $17 {ist wohl besser.}) 65... g4 $1 $19 66. Bd6 c3 (66... Ke4 $19 {zielt auf ...Kd4 ab.} 67. Bf4 Ra3) 67. Ke2 $2 {[%mdl 8192]} (67. Bf8 $1 $15) 67... Ke4 68. Bf4 Rf3 69. Rc7 Kd4 70. Rd7 Kc5 71. Be3+ (71. Rd8 $142 Kc4 72. Kd1) 71... Kc6 {( -> ...Lc4+)} 72. Re7 Kd6 73. Re8 Bc6 74. Rb8 c2 75. Bg5 Rxg3 76. Kd2 Rg2+ 77. Kc3 Be4 78. Kd4 Bf3 {Droht stark ...Tg1.} 79. Rb6+ Kc7 80. Rb3 Bd1 81. Rc3+ Kd7 82. Ke5 Re2+ 83. Kf5 $2 (83. Kd4) 83... Re6 84. Bc1 Rb6 85. Ba3 Ra6 86. Bc1 Kd6 87. Be3 Ra4 88. Bf4+ (88. Bd2 {war erzwungen.}) 88... Kd5 89. Rc8 (89. Bc1 $142) 89... Rc4 90. Rd8+ Kc6 91. Bc1 g3 92. Rg8 {[#]} Bg4+ $1 {[%mdl 512] Schwarz setzt Matt.} 93. Ke5 (93. Rxg4 Rxg4) 93... g2 94. Be3 c1=Q 95. Bxc1 g1=Q {Precision: Weiß = 42%, Schwarz = 68%.} 0-1

[Event "WYCC 2018 O14"]
[Site "Halkidiki"]
[Date "2018.10.29"]
[Round "10"]
[White "Avila Pavas, Santiago"]
[Black "Suleymanli, Aydin"]
[Result "0-1"]
[WhiteElo "2277"]
[BlackElo "2313"]
[Annotator "NA"]
[PlyCount "120"]
[EventDate "2018.10.20"]
[EventType "swiss"]
[EventCountry "GRE"]
[SourceTitle "playchess.com"]
[Source "ChessBase"]
[SourceQuality "1"]
[TimeControl "40/5400+30:1800+30"]

1. d4 {[%emt 0:00:00]} d5 {[%emt 0:00:00]} 2. Nf3 {[%emt 0:00:00]} Nf6 {[%emt 0:00:00]} 3. g3 {[%emt 0:00:00]} Bf5 {[%emt 0:01:09]} 4. Bg2 {[%emt 0:00:01]} e6 {[%emt 0:00:10]} 5. O-O {[%emt 0:00:28]} Be7 {[%emt 0:02:52]} 6. c4 {[%emt 0:03:27]} c6 {[%emt 0:01:23]} 7. Nc3 {[%emt 0:00:50]} O-O {[%emt 0:00:09]} 8. b3 {[%emt 0:02:31]} Nbd7 {[%emt 0:07:07]} 9. Bb2 {[%emt 0:00:33]} Ne4 {[%emt 0:03:29]} 10. Nd2 {[%emt 0:02:26]} Nxc3 {[%emt 0:16:36]} 11. Bxc3 {[%emt 0:00:06]} Nf6 {[%emt 0:00:09] LiveBook: 11 Games D11: Damengambit (Slawische Verteidigung)} 12. Bb2 {[%emt 0:05:06]} (12. Re1 a5 13. e4 dxe4 14. Nxe4 Qb6 15. d5 Bxe4 16. Bxe4 cxd5 17. cxd5 Rfd8 18. Bxf6 Bxf6 19. Rc1 exd5 {0-1 (43) Bayer,B (2421)-Landa,K (2615) Porto Mannu 2017}) 12... a5 {[%emt 0:11:38]} 13. f3 $146 {[%emt 0:09:17]} ({Vorgänger:} 13. c5 Qc7 14. Nf3 Nd7 15. Rc1 Bf6 16. Nd2 e5 17. e4 dxe4 18. Nxe4 Bxe4 19. Bxe4 exd4 20. Bxd4 {0-1 (44) Jentsch,K (2185)-Fischdick,G (2280) Germany 1993}) 13... c5 {[%emt 0:07:36]} 14. e4 {[%emt 0:23:24]} dxe4 {[%emt 0:00:49]} 15. fxe4 {[%emt 0:00:24]} Bg4 {[%emt 0:00:07]} 16. Qe1 {[%emt 0:01:38]} cxd4 {[%emt 0:00:16]} 17. e5 {[%emt 0:00:03]} Nd7 {[%emt 0:01:09]} 18. Bxd4 {[%emt 0:00:46]} Nc5 {[%emt 0:12:18]} 19. Qe3 {[%emt 0:05:05]} Bg5 {[%emt 0:00:39]} 20. Rf4 {[%emt 0:11:49]} Rc8 {[%emt 0:10:59]} 21. Bxc5 {[%emt 0:02:16]} Rxc5 {[%emt 0:02:15]} 22. Qxc5 {[%emt 0:00:06]} Bxf4 {[%emt 0:00:37]} 23. gxf4 {[%emt 0:08:49]} Qxd2 {[%emt 0:01:16]} 24. Qf2 {[%emt 0:01:39]} Qc3 {[%emt 0:00:32]} 25. Rf1 {[%emt 0:01:10]} Rd8 {[%emt 0:11:00]} 26. Qh4 {[%emt 0:00:09]} Qd4+ {[%emt 0:00:22]} 27. Kh1 {[%emt 0:00:04]} Bf5 {[%emt 0:04:05]} 28. Rg1 {[%emt 0:01:22]} h6 {[%emt 0:02:16]} 29. h3 {[%emt 0:00:41]} b6 {[%emt 0:00:27]} 30. Bf3 {[%emt 0:03:40]} Be4 {[%emt 0:01:09]} 31. Qg3 {[%emt 0:00:05]} g6 {[%emt 0:00:43]} 32. Qg2 {[%emt 0:01:16]} Bd3 {[%emt 0:02:06]} 33. Qd2 {[%emt 0:02:01]} Bf5 {[%emt 0:00:04]} 34. Qxd4 {[%emt 0:04:32]} Rxd4 {[%emt 0:00:03]} 35. Rd1 {[%emt 0:00:06]} Rxf4 {[%emt 0:00:46]} 36. Bg2 {[%emt 0:01:48]} Be4 {[%emt 0:00:53]} 37. Kg1 {[%emt 0:03:15]} Bxg2 {[%emt 0:00:20]} 38. Kxg2 {[%emt 0:00:03]} Rf5 {[%emt 0:00:47]} 39. Rd6 {[%emt 0:00:47]} Rxe5 {[%emt 0:00:06]} 40. a4 {[%emt 0:00:00]} Re3 {[%emt 0:00:00]} 41. Rxb6 {[%emt 0:00:14]} Kg7 {[%emt 0:02:20]} 42. c5 {[%emt 0:03:10]} Kf6 {[%emt 0:03:48]} 43. c6 {[%emt 0:02:41]} Rc3 {[%emt 0:07:36]} 44. h4 {[%emt 0:00:35]} Ke5 {[%emt 0:05:38]} 45. Rb5+ {[%emt 0:10:12]} Kf4 {[%emt 0:01:05]} 46. Rxa5 {[%emt 0:06:39]} Rxc6 {[%emt 0:00:12]} 47. Ra7 {[%emt 0:00:01]} f5 {[%emt 0:00:53]} 48. a5 {[%emt 0:02:53]} e5 {[%emt 0:01:31]} 49. b4 {[%emt 0:03:03]} e4 {[%emt 0:01:35]} 50. b5 {[%emt 0:02:21]} Rc2+ {[%emt 0:00:10]} 51. Kf1 {[%emt 0:02:21]} e3 {[%emt 0:05:05]} 52. b6 {[%emt 0:01:57]} Kf3 {[%emt 0:00:09]} 53. Kg1 {[%emt 0:00:03]} e2 {[%emt 0:00:29]} 54. Re7 {[%emt 0:00:05]} Rc1+ {[%emt 0:00:22]} 55. Kh2 {[%emt 0:00:06]} Rb1 {[%emt 0:00:11]} 56. Re5 {[%emt 0:03:41]} f4 {[%emt 0:00:14]} 57. Re6 {[%emt 0:02:09]} g5 {[%emt 0:00:27]} 58. hxg5 {[%emt 0:00:05]} hxg5 {[%emt 0:00:09]} 59. a6 {[%emt 0:00:15]} g4 {[%emt 0:00:25]} 60. Rxe2 {[%emt 0:00:56]} g3+ {[%emt 0:00:07]} 0-1

[Event "WYCC 2018 O14"]
[Site "Halkidiki"]
[Date "2018.10.29"]
[Round "10"]
[White "Manafov, Vugar"]
[Black "Mishra, Abhimanyu"]
[Result "1-0"]
[WhiteElo "2245"]
[BlackElo "2149"]
[Annotator "NA"]
[PlyCount "133"]
[EventDate "2018.10.20"]
[EventType "swiss"]
[EventCountry "GRE"]
[SourceTitle "playchess.com"]
[Source "ChessBase"]
[SourceQuality "1"]
[TimeControl "40/5400+30:1800+30"]

1. Nf3 {[%emt 0:00:00]} d5 {[%emt 0:00:00]} 2. d4 {[%emt 0:00:00]} Nf6 {[%emt 0:00:00]} 3. c4 {[%emt 0:00:25]} e6 {[%emt 0:00:02]} 4. Nc3 {[%emt 0:00:45]} Be7 {[%emt 0:01:04]} 5. Bf4 {[%emt 0:00:05]} O-O {[%emt 0:00:45]} 6. e3 {[%emt 0:00:18]} c5 {[%emt 0:06:23]} 7. dxc5 {[%emt 0:01:04]} Bxc5 {[%emt 0:01:27] LiveBook: 2367 Games} 8. cxd5 {[%emt 0:05:56]} Nxd5 {[%emt 0:01:19]} 9. Nxd5 {[%emt 0:00:09]} exd5 {[%emt 0:00:37]} 10. Bd3 {[%emt 0:00:04]} Bb6 {[%emt 0:10:06]} 11. O-O {[%emt 0:05:51]} Nc6 $14 {[%emt 0:04:18]} 12. Ne5 {[%emt 0:13:14]} Nxe5 {[%emt 0:20:17]} 13. Bxe5 {[%emt 0:00:08]} Re8 {[%emt 0:06:34]} 14. Bc3 {[%emt 0:02:21]} Qg5 {[%emt 0:06:23]} 15. Qf3 {[%emt 0:06:37]} Bc7 {[%emt 0:09:57]} 16. h3 {[%emt 0:00:10]} Be6 {[%emt 0:04:40]} 17. Bd4 {[%emt 0:00:15]} f6 {[%emt 0:08:17]} 18. Rac1 {[%emt 0:03:00]} Be5 {[%emt 0:01:41]} 19. Rc5 {[%emt 0:03:09]} Bxd4 {[%emt 0:02:03]} 20. exd4 {[%emt 0:00:11]} Rac8 {[%emt 0:02:02]} 21. Re1 {[%emt 0:00:57]} Rxc5 {[%emt 0:01:25]} 22. dxc5 {[%emt 0:00:07]} Bf7 {[%emt 0:01:23]} 23. Rxe8+ {[%emt 0:01:27]} Bxe8 {[%emt 0:00:55]} 24. b4 {[%emt 0:02:24]} Qe5 {[%emt 0:01:55]} 25. Qg4 {[%emt 0:03:35]} Qe1+ {[%emt 0:04:21]} 26. Kh2 {[%emt 0:01:32]} Qe7 {[%emt 0:00:25]} 27. f4 {[%emt 0:03:22]} g6 {[%emt 0:01:14]} 28. Qf3 {[%emt 0:01:09]} Bf7 {[%emt 0:00:40]} 29. Qf2 {[%emt 0:00:03]} h6 {[%emt 0:01:41]} 30. b5 {[%emt 0:01:10]} Qc7 {[%emt 0:00:32]} 31. Qd4 {[%emt 0:02:05]} Kg7 {[%emt 0:00:23]} 32. g3 {[%emt 0:02:47]} Be6 {[%emt 0:01:03]} 33. h4 {[%emt 0:01:56]} h5 {[%emt 0:00:32]} 34. Qc3 {[%emt 0:05:26]} Bd7 {[%emt 0:00:59]} 35. Kg2 {[%emt 0:00:32]} Be8 {[%emt 0:00:30]} 36. Kf2 {[%emt 0:00:25]} Bd7 {[%emt 0:00:26]} 37. Ke3 {[%emt 0:00:10]} Kf7 {[%emt 0:00:30]} 38. Kd2 {[%emt 0:00:12]} Qc8 {[%emt 0:00:38]} 39. Qd4 {[%emt 0:01:26]} Be6 {[%emt 0:00:35]} 40. a4 {[%emt 0:00:00]} Qc7 {[%emt 0:00:00]} 41. Qc3 {[%emt 0:00:36]} Bf5 {[%emt 0:13:21]} 42. Bxf5 {[%emt 0:01:30]} gxf5 {[%emt 0:01:25]} 43. Qd4 {[%emt 0:03:59]} Ke6 {[%emt 0:02:10]} 44. Kc2 {[%emt 0:02:11]} a6 {[%emt 0:06:21]} 45. bxa6 {[%emt 0:00:30]} bxa6 {[%emt 0:00:02]} 46. Qb4 {[%emt 0:01:13]} Kd7 {[%emt 0:01:14]} 47. Kd3 {[%emt 0:00:56]} Kc8 {[%emt 0:04:26]} 48. Qb6 {[%emt 0:00:33]} Qg7 {[%emt 0:00:59]} 49. Qxa6+ {[%emt 0:00:29]} Kb8 {[%emt 0:00:16]} 50. Qb6+ {[%emt 0:00:32]} Kc8 {[%emt 0:00:32]} 51. Qe6+ {[%emt 0:03:08]} Kc7 {[%emt 0:00:52]} 52. Qe1 {[%emt 0:01:56]} Kb7 {[%emt 0:02:08]} 53. Kd4 {[%emt 0:01:56]} Qd7 {[%emt 0:01:00]} 54. Qa5 {[%emt 0:01:43]} Qg7 {[%emt 0:00:46]} 55. Qb6+ {[%emt 0:00:05]} Kc8 {[%emt 0:00:39]} 56. c6 {[%emt 0:00:03]} Qe7 {[%emt 0:00:35]} 57. Qb7+ {[%emt 0:00:04]} Qxb7 {[%emt 0:00:07]} 58. cxb7+ {[%emt 0:00:03]} Kxb7 {[%emt 0:00:10]} 59. Kxd5 {[%emt 0:00:04]} Kb6 {[%emt 0:00:07]} 60. Ke6 {[%emt 0:00:03]} Ka5 61. Kxf5 {[%emt 0:00:06]} Kxa4 {[%emt 0:00:12]} 62. g4 {[%emt 0:00:06]} hxg4 {[%emt 0:00:08]} 63. Kxg4 {[%emt 0:00:03]} Kb5 {[%emt 0:00:10]} 64. h5 {[%emt 0:00:03]} Kc6 {[%emt 0:00:05]} 65. h6 {[%emt 0:00:03]} Kd7 {[%emt 0:00:06]} 66. h7 {[%emt 0:00:03]} Ke6 {[%emt 0:00:30]} 67. h8=Q 1-0

[Event "WYCC 2018 O14"]
[Site "Halkidiki"]
[Date "2018.10.29"]
[Round "10"]
[White "Boyer, Mahel"]
[Black "Antonica, Dragos-Andrei"]
[Result "0-1"]
[WhiteElo "2227"]
[BlackElo "2061"]
[Annotator "NA"]
[PlyCount "74"]
[EventDate "2018.10.20"]
[EventType "swiss"]
[EventCountry "GRE"]
[SourceTitle "playchess.com"]
[Source "ChessBase"]
[SourceQuality "1"]
[TimeControl "40/5400+30:1800+30"]

1. d4 {[%emt 0:00:00]} Nf6 {[%emt 0:00:00]} 2. c4 {[%emt 0:00:00]} e6 {[%emt 0:00:00]} 3. Nc3 {[%emt 0:00:00]} Bb4 {[%emt 0:01:40]} 4. a3 {[%emt 0:00:00]} Bxc3+ {[%emt 0:00:06]} 5. bxc3 {[%emt 0:00:00]} b6 {[%emt 0:01:24]} 6. f3 {[%emt 0:00:00]} O-O {[%emt 0:02:31]} 7. e4 {[%emt 0:00:00]} Nh5 {[%emt 0:10:32]} 8. Nh3 {[%emt 0:00:13]} f5 {[%emt 0:13:28]} 9. exf5 {[%emt 0:12:35]} exf5 {[%emt 0:02:15]} 10. Bg5 {[%emt 0:00:42]} (10. Bd3 $14) 10... Qe8+ {[%emt 0:02:12]} 11. Be2 {[%emt 0:00:20]} h6 {[%emt 0:04:54]} 12. Bc1 {[%emt 0:00:16]} d6 {[%emt 0:02:07]} 13. O-O {[%emt 0:00:05]} f4 {[%emt 0:02:47]} 14. Nf2 {[%emt 0:00:01]} Bf5 {[%emt 0:00:07]} 15. Re1 {[%emt 0:02:22]} Qg6 {[%emt 0:12:58]} 16. Ne4 {[%emt 0:00:16]} Nd7 {[%emt 0:02:38]} 17. Bd3 {[%emt 0:00:10]} Rae8 {[%emt 0:01:23]} 18. Qc2 $11 {[%emt 0:03:13]} c6 {[%emt 0:05:20]} 19. Bd2 {[%emt 0:03:24]} Kh8 {[%emt 0:08:12]} 20. a4 {[%emt 0:06:16]} a5 {[%emt 0:05:33]} 21. Rab1 {[%emt 0:01:12]} Qh7 {[%emt 0:01:44]} 22. Rbd1 {[%emt 0:03:23]} g5 {[%emt 0:02:38]} 23. Bc1 {[%emt 0:02:30]} Ng7 {[%emt 0:00:33]} 24. Ba3 {[%emt 0:03:07]} c5 {[%emt 0:00:26]} 25. Re2 {[%emt 0:00:22]} Re6 {[%emt 0:03:46]} 26. Qb1 {[%emt 0:11:17]} Rfe8 {[%emt 0:02:43]} 27. Rde1 {[%emt 0:00:43]} Qg6 {[%emt 0:01:27]} 28. Qb5 {[%emt 0:02:31]} g4 {[%emt 0:01:51]} 29. Kh1 {[%emt 0:01:02]} gxf3 {[%emt 0:02:17]} 30. gxf3 {[%emt 0:00:08]} Qh5 {[%emt 0:00:30]} 31. Rf1 {[%emt 0:02:35]} Bxe4 {[%emt 0:04:24]} 32. Rxe4 {[%emt 0:11:01]} Rxe4 {[%emt 0:01:37]} 33. fxe4 {[%emt 0:02:21]} Qh3 {[%emt 0:01:29]} 34. Qb1 {[%emt 0:00:32]} Nh5 {[%emt 0:00:21]} 35. Kg1 {[%emt 0:09:22]} Rg8+ {[%emt 0:00:37]} 36. Kf2 {[%emt 0:00:01]} Rg2+ {[%emt 0:00:08]} 37. Ke1 {[%emt 0:00:09]} Qe3+ {[%emt 0:00:04] Kf2 Rg8#} 0-1